000 nam a22 7a 4500
999 _c126888
_d126888
008 170904b xxu||||| |||| 00| 0 eng d
050 _aPR6001.M6 T45
245 _aThat uncertain feeling
_c/ Amis, Kingsley
260 _aLondon
_bVictor Gollancz Ltd.
_c1955
300 _a254p. ;
_c19cm.
942 _2lcc
_cMONOGRAPH